000 00532nam a2200193Ia 4500
008 220531s9999 xx 000 0 und d
041 _aeng
082 _a547
_bGHO
100 _aGhosh, S. K.
_970381
245 _aAdvance General Organic Chemisty: A Modern Approach, Vol. - I.
250 _a3RD
260 _aKolkata
_bNew Central Book Agency
_c2013
300 _a1-1012
542 _d06-11-2015
551 _aScience
_bNon-grant-SCI
650 _aOrganic Chemistry
_970382
906 _d2015-2016
999 _c39422
_d39422